• 首页
  • 本馆介绍
  • 公告通知
  • 最新文献
  • 馆藏检索
  • 电子资源
  • 读者导购
  • 参考咨询
  • 我的图书馆
  • 登录
  • 详细信息显示
  • 放入我的书架
  • 预约/预借图书
  • 作者相关作品
  • 分类相关作品
  • 丛书相关作品
  • 出版社相关作品

书目信息

  • 表格格式
  • 工作单格式
  • 卡片格式
题名:
秭归县要览
    
 
作者: 李竞赛 著 ;湖北省地方志编纂委员会办公室 编
分册:  
出版信息: 武汉   长江出版社  2018
页数: 164页
开本: 21cm
丛书名: 湖北要览丛书
单 册:
中图分类: K296.34
科图分类:
主题词:
电子资源:
ISBN: 978-7-5492-6050-8
000 00938oam2 2200265 450
001 012001010267
005 20140101132429.0
010    @a978-7-5492-6050-8@dCNY42.00
100    @a20190406d2018 em y0chiy50 ea
101 0  @achi
102    @aCN@b420000
105    @aa z 000yy
106    @ar
200 1  @a秭归县要览@Azi gui xian yao lan@f湖北省地方志编纂委员会办公室编
210    @a武汉@c长江出版社@d2018
215    @a164页@c彩图,彩照@d21cm
225 1  @a湖北要览丛书
330    @a本书介绍了秭归的概貌、建置区划、自然环境、优势产业、名优特产、交通商贸、科教事业、文化艺术、文物名胜、民俗方言、重大事件、著名人物等。
410  0 @12001 @a湖北要览丛书
607    @a秭归县@x地方史
690    @aK296.34@v5
701  0 @a李竞赛@Ali jing sai@4著
712 02 @a湖北省地方志编纂委员会办公室@Ahu bei sheng di fang zhi bian zuan wei yuan hui ban gong shi@4编
801  0 @aCN@b上海新华@c20191020
905    @b1136246-9@dK296.34@e416@f4
    
    秭归县要览/湖北省地方志编纂委员会办公室编.-武汉:长江出版社,2018
    164页:彩图,彩照;21cm.-(湖北要览丛书)
    
    
    ISBN 978-7-5492-6050-8:CNY42.00
    本书介绍了秭归的概貌、建置区划、自然环境、优势产业、名优特产、交通商贸、科教事业、文化艺术、文物名胜、民俗方言、重大事件、著名人物等。
●
相关链接 在E读中查询图书 在五车中查询图书 在当当中查询图书 在豆瓣中查询图书


正题名:秭归县要览     索取号:K296.34/416         预约/预借

序号 登录号 条形码 馆藏地/架位号 状态 备注
1 1136246   211362461   第二样本阅览室/ [索取号:K296.34/416] 在馆    
2 1136247   211362470   第二借阅区/ [索取号:K296.34/416] 在馆    
3 1136248   211362489   第二借阅区/ [索取号:K296.34/416] 在馆    
4 1136249   211362498   第二借阅区/ [索取号:K296.34/416] 在馆    
唐山师范学院图书馆 欢迎您!
大连网信软件有限公司© 版权所有